<?xml version="1.0" encoding="UTF-8"?>
<record
    xmlns:xsi="http://www.w3.org/2001/XMLSchema-instance"
    xsi:schemaLocation="http://www.loc.gov/MARC21/slim http://www.loc.gov/standards/marcxml/schema/MARC21slim.xsd"
    xmlns="http://www.loc.gov/MARC21/slim">

  <leader>     nam a22     7a 4500</leader>
  <datafield tag="999" ind1=" " ind2=" ">
    <subfield code="c">141267</subfield>
    <subfield code="d">141265</subfield>
  </datafield>
  <controlfield tag="005">20180531122345.0</controlfield>
  <controlfield tag="008">180531b        mx ||||| |||| 00| 0 spa d</controlfield>
  <datafield tag="020" ind1=" " ind2=" ">
    <subfield code="a">9786074485851 (Manual Moderno)</subfield>
  </datafield>
  <datafield tag="050" ind1="0" ind2="4">
    <subfield code="a">HD6955          </subfield>
    <subfield code="b">C35  2017   </subfield>
  </datafield>
  <datafield tag="245" ind1="0" ind2="0">
    <subfield code="a">Calidad de vida en el trabajo </subfield>
    <subfield code="c">/ [coordinador y autor] Juana Patl&#xE1;n P&#xE9;rez ; editor responsable Santiago Viveros Fuentes</subfield>
  </datafield>
  <datafield tag="260" ind1=" " ind2=" ">
    <subfield code="a">M&#xE9;xico, D.F. :,</subfield>
    <subfield code="b">Universidad Nacional Aut&#xF3;noma de M&#xE9;xico : Manual Moderno</subfield>
    <subfield code="c">2017</subfield>
  </datafield>
  <datafield tag="300" ind1=" " ind2=" ">
    <subfield code="a"> xx, 278 p&#xE1;ginas : </subfield>
    <subfield code="b"> ilustraciones</subfield>
    <subfield code="c">23 centimetros</subfield>
  </datafield>
  <datafield tag="504" ind1=" " ind2=" ">
    <subfield code="a">Incluye &#xED;ndice</subfield>
  </datafield>
  <datafield tag="650" ind1=" " ind2="4">
    <subfield code="a">Calidad de vida en el trabajo</subfield>
  </datafield>
  <datafield tag="650" ind1=" " ind2="4">
    <subfield code="a">Trabajo </subfield>
    <subfield code="x"> Aspectos sociales</subfield>
  </datafield>
  <datafield tag="700" ind1="1" ind2=" ">
    <subfield code="a">Patl&#xE1;n P&#xE9;rez, Juana, </subfield>
    <subfield code="e">editor,  autor</subfield>
  </datafield>
  <datafield tag="700" ind1="1" ind2=" ">
    <subfield code="a">Viveros Fuentes, Santiago, </subfield>
    <subfield code="e">editor</subfield>
  </datafield>
  <datafield tag="942" ind1=" " ind2=" ">
    <subfield code="2">lcc</subfield>
    <subfield code="c">LIB</subfield>
  </datafield>
  <datafield tag="952" ind1=" " ind2=" ">
    <subfield code="1">0</subfield>
    <subfield code="2">lcc</subfield>
    <subfield code="4">0</subfield>
    <subfield code="7">0</subfield>
    <subfield code="a">LIC-047</subfield>
    <subfield code="b">LIC-047</subfield>
    <subfield code="c">GENERAL</subfield>
    <subfield code="d">2018-05-31</subfield>
    <subfield code="e">UA-GENERADO</subfield>
    <subfield code="f">1a.ed.</subfield>
    <subfield code="h">BFP000012428</subfield>
    <subfield code="i">CS</subfield>
    <subfield code="k">CS</subfield>
    <subfield code="o">HD6955 C35 2017             </subfield>
    <subfield code="p">BFP000012428</subfield>
    <subfield code="r">2018-05-31 00:00:00</subfield>
    <subfield code="t">1</subfield>
    <subfield code="y">LIB</subfield>
  </datafield>
  <datafield tag="952" ind1=" " ind2=" ">
    <subfield code="1">0</subfield>
    <subfield code="2">lcc</subfield>
    <subfield code="4">0</subfield>
    <subfield code="7">0</subfield>
    <subfield code="a">LIC-047</subfield>
    <subfield code="b">LIC-047</subfield>
    <subfield code="c">GENERAL</subfield>
    <subfield code="d">2019-12-03</subfield>
    <subfield code="e">UA-GENERADO</subfield>
    <subfield code="f">1a.</subfield>
    <subfield code="i">CS</subfield>
    <subfield code="k">CSA</subfield>
    <subfield code="o">HD6955 C35 2017</subfield>
    <subfield code="p">BFP000012547</subfield>
    <subfield code="r">2019-12-03 00:00:00</subfield>
    <subfield code="t">2</subfield>
    <subfield code="v">1.00</subfield>
    <subfield code="y">LIB</subfield>
  </datafield>
  <datafield tag="952" ind1=" " ind2=" ">
    <subfield code="1">0</subfield>
    <subfield code="2">lcc</subfield>
    <subfield code="4">0</subfield>
    <subfield code="7">0</subfield>
    <subfield code="a">LIC-047</subfield>
    <subfield code="b">LIC-047</subfield>
    <subfield code="c">GENERAL</subfield>
    <subfield code="d">2019-12-03</subfield>
    <subfield code="e">UA-GENERADO</subfield>
    <subfield code="f">1a.</subfield>
    <subfield code="i">CS</subfield>
    <subfield code="k">CSA</subfield>
    <subfield code="o">HD6955 C35 2017</subfield>
    <subfield code="p">BFP000012548</subfield>
    <subfield code="r">2019-12-03 00:00:00</subfield>
    <subfield code="t">3</subfield>
    <subfield code="v">1.00</subfield>
    <subfield code="y">LIB</subfield>
  </datafield>
  <datafield tag="952" ind1=" " ind2=" ">
    <subfield code="1">0</subfield>
    <subfield code="2">lcc</subfield>
    <subfield code="4">0</subfield>
    <subfield code="7">0</subfield>
    <subfield code="a">LIC-047</subfield>
    <subfield code="b">LIC-047</subfield>
    <subfield code="c">GENERAL</subfield>
    <subfield code="d">2019-12-03</subfield>
    <subfield code="e">UA-GENERADO</subfield>
    <subfield code="f">1a.</subfield>
    <subfield code="i">CS</subfield>
    <subfield code="k">CSA</subfield>
    <subfield code="o">HD6955 C35 2017</subfield>
    <subfield code="p">BFP000012549</subfield>
    <subfield code="r">2019-12-03 00:00:00</subfield>
    <subfield code="t">4</subfield>
    <subfield code="v">1.00</subfield>
    <subfield code="y">LIB</subfield>
  </datafield>
  <datafield tag="952" ind1=" " ind2=" ">
    <subfield code="1">0</subfield>
    <subfield code="2">lcc</subfield>
    <subfield code="4">0</subfield>
    <subfield code="7">0</subfield>
    <subfield code="a">LIC-047</subfield>
    <subfield code="b">LIC-047</subfield>
    <subfield code="c">GENERAL</subfield>
    <subfield code="d">2019-12-03</subfield>
    <subfield code="e">UA-GENERADO</subfield>
    <subfield code="f">1a.</subfield>
    <subfield code="i">CS</subfield>
    <subfield code="k">CSA</subfield>
    <subfield code="o">HD6955 C35 2017</subfield>
    <subfield code="p">BFP000012550</subfield>
    <subfield code="r">2019-12-03 00:00:00</subfield>
    <subfield code="t">5</subfield>
    <subfield code="v">1.00</subfield>
    <subfield code="y">LIB</subfield>
  </datafield>
</record>
